000 00500nam a2200169 a 4500
005 20210223120409.0
008 991125s1970 ea 000 0 spa u
035 _aUPN01000000144
049 _aF
050 4 _aE457
_bA4.4
245 0 0 _aA. Lincoln :
_bhombre del pueblo.
260 _aEstados Unidos :
_bServicio de Información de los Estados Unidos,
_c[1970?].
300 _a[16] p. :
_bil.
500 _aDatos tomados de la cubierta
600 1 4 _aLINCOLN, ABRAHAM,
_d1809-1865
_910758
905 _aLibro
999 _c144
_d144